Countries With the Deepest Mines - Statistics

General Stats
  • This quiz has been taken 44 times
  • The average score is 4 of 5
Answer Stats
Country % Correct
United States
97%
Canada
84%
Brazil
76%
South Africa
70%
India
59%
No matching quizzes found
Score Distribution
Percent of People with Each Score
Percentile by Number Answered
Your Score History
You have not taken this quiz